[Event "Titled Tuesday intern op 08th Feb Early"]
[Site "Chess.com INT"]
[Date "2022.02.08"]
[Round "1"]
[White "Rytenko, Vsevolod"]
[Black "Volkov, Sergey"]
[Result "0-1"]
[WhiteElo "2362"]
[BlackElo "2523"]
[PlyCount "132"]
[EventDate "2022.02.08"]
[EventType "swiss (blitz)"]
[EventRounds "11"]
[EventCountry "USA"]
[SourceTitle "CBM 206 Extra"]
[Source "ChessBase"]
[SourceDate "2022.03.31"]
[SourceVersion "1"]
[SourceVersionDate "2022.03.31"]
[SourceQuality "1"]

1. d4 d5 2. Nc3 Nf6 3. Bg5 Nbd7 4. f3 h6 5. Bh4 e6 6. e4 Be7 7. e5 Ng8 8. Bf2 c5 9. f4 cxd4 10. Bxd4 Nb8 11. Nf3 Nc6 12. Bf2 Bb4 13. Be2 Nge7 14. 0-0 0-0 15. Nb5 a6 16. Nbd4 Bd7 17. c3 Bc5 18. Kh1 Ba7 19. Bd3 Nxd4 20. Nxd4 Nc6 21. Qh5 Nxd4 22. cxd4 Bb5 23. Bxb5 axb5 24. f5 exf5 25. Qxf5 Qc8 26. Qf3 Qe6 27. Be3 Rac8 28. Rac1 b4 29. b3 Rc3 30. Rxc3 bxc3 31. Rc1 Rc8 32. Rc2 Qg6 33. Qe2 Qe4 34. Qf2 b5 35. a3 Rc6 36. b4 Rc4 37. h3 Bxd4 38. Bxd4 Rxd4 39. Rxc3 Rd1+ 40. Kh2 Qxe5+ 41. Qg3 f6 42. Re3 Qxg3+ 43. Kxg3 d4 44. Re8+ Kf7 45. Rb8 Rd3+ 46. Kf4 Rxa3 47. Rxb5 Ra2 48. g3 d3 49. Ke3 d2 50. Ke2 Ra3 51. h4 Rxg3 52. Kxd2 g5 53. hxg5 hxg5 54. Ke2 Rb3 55. Rb8 Kg6 56. b5 Kf5 57. b6 Kg4 58. b7 f5 59. Kf2 Rb2+ 60. Ke3 f4+ 61. Ke4 f3 62. Ke3 Kg3 63. Rg8 Rb3+ 64. Ke4 Rxb7 65. Rxg5+ Kf2 66. Rf5 Rb4+ 0-1